=LDR 00000nam 2200000 4500 =001 INLIS000000000022614 =990 ##$$a 0001/BPAP-NTB/20142014 =005 20140327155710.0 =990 ##$$a 20616910 =006 =990 ##$$a 91954/BPAP-NTB/2014 =007 =008 Ind =035 ##$$0010-061300000022614 =041 ##$$a Ind =082 ##$$a 540.7 =090 ##$$a 540.7, Sit-r =100 ##$$a Sitorus, Ronal H =245 ##$$a Ringkasan kimia untuk SMA/MA, Ronald H. Sitorus, Cucun Cunayah, Nunung Nurhayati =260 ##$$a 2006 $b Bandung =300 ##$$a 400 hlm., ilus, 19 cm =650 ##$$a Kimia =850 ##$$a NBPNMAT =990 ##$$a 91017/BPAP-NTB/2014 =990 ##$$a 91953/BPAP-NTB/2014 =990 ##$$a 0001/BPAP-NTB/20142014 =990 ##$$a 20616910 =990 ##$$a 91954/BPAP-NTB/2014 =990 ##$$a 0001/BPAP-NTB/20142014